Del Llano, Gorgona y otros relatos (Registro nro. 9709)

Detalles MARC
000 -CABECERA
Longitud fija campo de control 00565nam a2200205 a 4500
003 - • IDENTIFICADOR DELl NÚMERO DE CONTROL
Identificador del número de control CO-ViMGA
008 - • CÓDIGOS DE INFORMACIÓN DE LONGITUD FIJA
Códigos de información de longitud fija 141112s2004 ck r 000 u spa d
020 ## - • NÚMERO INTERNACIONAL NORMALIZADO PARA LIBROS
Número Internacional Normalizado para Libros (ISBN) 9583316253
040 ## - FUENTE DE LA CATALOGACIÓN
Centro catalogador de origen CO-ViMGA
Lengua de catalogación spa
Centro transcriptor CO-ViMGA
082 04 - • NÚMERO DE LA CLASIFICACIÓN DECIMAL DEWEY
Número de clasificación (R) FrCo 863 C177de
100 1# - • PUNTO DE ACCESO PRINCIPAL-NOMBRE DE PERSONA
Nombre de persona Castilla B., Mario Yesid
245 10 - • TITULO PROPIAMENTE DICHO
Título Del Llano, Gorgona y otros relatos
300 ## - • DESCRIPCIÓN FÍSICA
Extensión 179.p.
650 14 - • PUNTO DE ACCESO ADICIONAL DE MATERIA - TÉRMINO DE MATERIA
Término de materia o nombre geográfico como elemento inicial ANTOLOGIA
650 14 - • PUNTO DE ACCESO ADICIONAL DE MATERIA - TÉRMINO DE MATERIA
Término de materia o nombre geográfico como elemento inicial LITERATURA COLOMBIANA
650 14 - • PUNTO DE ACCESO ADICIONAL DE MATERIA - TÉRMINO DE MATERIA
Término de materia o nombre geográfico como elemento inicial PRISIONES - ASPECTOS SOCIALES
942 ## - ENTRADA DE ELEMENTOS AGREGADOS (KOHA)
Fuente de clasificaión o esquema Dewey Decimal Classification
Koha [por defecto] tipo de item LIbro
Existencias
Perdido Fuente de clasificación o esquema Estado Físico No para préstamo Forma de adquisición Localización permanente Localización actual Fecha adquisición Serie de enumeración / cronolog&íacute;a Préstamos totales Signatura completa Código de barras Fecha última consulta Número de copia Fecha del precio de reemplazo Tipo de item de Koha Localización en estanterías Fuente de adquisición
  Dewey Decimal Classification     Sala General Biblioteca Barrio Porfia - Villavicencio Biblioteca Barrio Porfia - Villavicencio 12/04/2015 21/nov/2014   FrCo 863 C177de 27553 12/04/2015 Ej. 3 12/04/2015 LIbro    
  Dewey Decimal Classification     Sala General Biblioteca Comunitaria - Villavicencio Biblioteca Comunitaria - Villavicencio 12/04/2015 02/dic/2014   FrCo 863 C177de 27763 12/04/2015 Ej. 4 12/04/2015 LIbro    
  Dewey Decimal Classification     Fondo Regional Tercer Piso Biblioteca Pública Germán Arciniegas - Villavicencio Biblioteca Pública Germán Arciniegas - Villavicencio 12/04/2015 Volumen. 1 | 11/jun/2009   FrCo 863 C177de 14728 09/12/2018 Ej. 1 12/04/2015 LIbro    
  Dewey Decimal Classification     Colección General Biblioteca Pública Guamal Biblioteca Pública Guamal 11/06/2024     863 C177l GUA004407 11/06/2024 Ej.1 11/06/2024 Libro Literatura Literatura Literatura Regional
  Dewey Decimal Classification     Colección General Biblioteca Pública Guamal Biblioteca Pública Guamal 11/06/2024     863 C177l GUA004408 11/06/2024 Ej.1 11/06/2024 Libro Literatura Literatura Literatura Regional
  Clasificación Local Facetada     Colección General Biblioteca Pública Puerto Concordia Biblioteca Pública Puerto Concordia 02/09/2026     365.986 C17de PCON00819 02/09/2026 Ej.1 02/09/2026 LIbro General  
  Dewey Decimal Classification     Sala General Estacion de Lectura Apiay - Villavicencio Estacion de Lectura Apiay - Villavicencio 12/04/2015 31/may/2013   FrCo 863 C177de 25960 12/04/2015 Ej. 2 12/04/2015 LIbro    









Instituto Departamental de Cultura del Meta - Red Departamental de Bibliotecas Públicas del Meta.